01990nkc a2200301za 450000100060000000300040000600500170001000700070002700800410003404000240007524501090009926000350020830000970024350003310034050003090067150000880098054400760106860000470114461000580119165100250124965500420127471000350131685200120135185601500136394200250151395201330153899900170167184599OSt20260427102936.0kh boc250410s1909 sp ||||| ||||||0| i|spa d cM-RABAaM-RABAbspa00aMoisés mostrando al pueblo hebreo las tablas de la leyh[Material gráfico]c/ Pedro Bousseau del Rey b[Hauser y Menet]c, [ca. 1909] a1 fotografíab: gelatina de plata c; imagen 19,5 x 12 cmc; soporte secundario 30 x 24 cm aFotografía del relieve "Moisés mostrando al pueblo hebreo las tablas de la ley" de Pedro Busou (Bussou o Bousseau) del Rey, obteniendo el primer premio de la Academia en Escultura, de la primera clase en el año 1796 Se conserva en el Museo de la Real Academia de Bellas Artes de San Fernando con nº de inventario E-296. aMontada sobre un soporte secundario de cartón, con texto manuscrito a lápiz en la parte inferior al recto: "Moisés mostrando al pueblo hebreo las tablas de la ley por D. Pedro Buseau y Rey-(Premiado)- 1ª clase de 1796. Primer premio". Nota manuscrita al verso a lápiz rojo: "Pedro Buseau y Rey". aFecha probable de la realización de la fotografía realizada por Hauser y Menet. aArchivo de la Real Academia de Bellas Artes de San Fernando (Le-4-29-1)10aBossau del Rey, Pedrod(1765-1806)911169724aReal Academia de Bellas Artes de San Fernando.975832 7aMadrid2embne975182 7aFotografías de obras de arte9756752 aHauser y Menet (Madrid)950978 jFot-619 3Fot-619uhttps://archivoybiblioteca.realacademiabellasartessanfernando.com/cgi-bin/koha/opac-retrieve-file.pl?id=ad42cc2487845c52c1a2c70ef80689bf 2ddccFOTOGRAFÍAn0 00102ddc40708FOTOGRAFIAaRABASFbRABASFcDP2d2025-04-29l0oFot-619p1095483r2025-04-29 12:00:47w2025-04-29yFOTOGRAFÍA c84599d84599